Bibliografía analítica de ediciones de coplas sefardíes (Record no. 106570)
[ view plain ]
| 000 -LEADER | |
|---|---|
| campo de control de longitud fija | 00828cam a2200277Mi 4500 |
| 001 - NÚMERO DE CONTROL | |
| campo de control | 59105 |
| 005 - FECHA Y HORA DE LA ÚLTIMA TRANSACCIÓN | |
| campo de control | 20230411085728.0 |
| 008 - DATOS DE LONGITUD FIJA--INFORMACIÓN GENERAL | |
| campo de control de longitud fija | 981203s1992 xx 000 0 und d |
| 035 ## - NÚMERO DE CONTROL DEL SISTEMA | |
| Número de control de sistema | (OCoLC)ocn214568559 |
| 040 ## - FUENTE DE CATALOGACIÓN | |
| Centro catalogador/agencia de origen | GEBAY |
| Lengua de catalogación | ger |
| Centro/agencia transcriptor | GEBAY |
| Centro/agencia modificador | DRFGD |
| 020 ## - NÚMERO INTERNACIONAL ESTÁNDAR DEL LIBRO | |
| Número Internacional Estándar del Libro | 8400072642 |
| 020 ## - NÚMERO INTERNACIONAL ESTÁNDAR DEL LIBRO | |
| Número Internacional Estándar del Libro | 9788400072643 |
| 035 ## - NÚMERO DE CONTROL DEL SISTEMA | |
| Número de control de sistema | (OCoLC)214568559 |
| 049 ## - FONDOS LOCALES (OCLC) | |
| Biblioteca depositaria | GRAL |
| 050 14 - SIGNATURA TOPOGRÁFICA DE LA BIBLIOTECA DEL CONGRESO | |
| Número de clasificación | R763b 1992 |
| 100 1# - ENTRADA PRINCIPAL--NOMBRE DE PERSONA | |
| Nombre de persona | Romero, Elena |
| 245 00 - MENCIÓN DEL TÍTULO | |
| Título | Bibliografía analítica de ediciones de coplas sefardíes |
| Mención de responsabilidad, etc. | Elena Romero |
| 260 ## - PUBLICACIÓN, DISTRIBUCIÓN, ETC. | |
| Lugar de publicación, distribución, etc. | Madrid |
| Nombre del editor, distribuidor, etc. | Consigno Superior de Investigaciones Científicas |
| Fecha de publicación, distribución, etc. | 1992 |
| 300 ## - DESCRIPCIÓN FÍSICA | |
| Extensión | 190 S. |
| 490 0# - MENCIÓN DE SERIE | |
| Mención de serie | Publicaciones de estudios sefardies / 2 |
| Designación de volumen o secuencia | 5 |
| 653 0# - TÉRMINO DE INDIZACIÓN--NO CONTROLADO | |
| Término no controlado | Sephardim |
| -- | Copla |
| -- | Ausgabe (Druckwerk) |
| -- | Bibliographie |
| 773 18 - ASIENTO DE ITEM FUENTE | |
| Número de control del registro | (DE-MnBSB)8326 |
| 942 ## - ELEMENTOS DE ENTRADA SECUNDARIOS (KOHA) | |
| Fuente del sistema de clasificación o colocación | Clasificación de Library of Congress |
| Tipo de ítem Koha | |
| 946 ## - PROCESAMIENTO DE INFORMACIÓN LOCAL (OCLC) | |
| a | lmminaya |
| 994 ## - | |
| -- | C0 |
| -- | DRFGD |
| Estatus retirado | Estado de pérdida | Fuente del sistema de clasificación o colocación | Estado de daño | No para préstamo | Colección | Biblioteca de origen | Biblioteca actual | Ubicación en estantería | Fecha de adquisición | Signatura topográfica completa | Código de barras | Visto por última vez | Copia número | Tipo de ítem Koha |
|---|---|---|---|---|---|---|---|---|---|---|---|---|---|---|
| Clasificación de Library of Congress | Automatización y Procesos Técnicos | Biblioteca Juan Bosch | Biblioteca Juan Bosch | Automatización y Procesos Técnicos (1er. Piso) | 11/04/2023 | R763b 1992 | 00000059826 | 17/02/2019 | 1 |
